Normal view
MARC view
Entry Personal Name
001 - CONTROL NUMBER
- control field: 159679
003 - CONTROL NUMBER IDENTIFIER
- control field: OSt
005 - DATE AND TIME OF LATEST TRANSACTION
- control field: 20240411144333.0
008 - FIXED-LENGTH DATA ELEMENTS
- fixed length control field: 240411|| aca||aabn | a|a d
040 ## - CATALOGING SOURCE
- Original cataloging agency: OSt
- Transcribing agency: OSt
100 ## - HEADING--PERSONAL NAME
- Personal name: Bishan Tandon बिशन टंडन
670 ## - SOURCE DATA FOUND
- Source citation: Work cat.: (OSt)223045: Bishan Tandon बिशन टंडन , Aapatkal: Ek Diary Part- Two आपातकाल: एक डायरी भाग ೨, 2005